Daňový poriadok - čo z neho je potrebné vedieť pre rok 2010

Zákon č. 563/2009 Z. z. (tzv. daňový poriadok) o správe daní a o zmene a doplnení niektorých zákonov z 1.decembra 2009. Pre rok 2010 sú účinné tri NOVELY spolu za obdobie od 1.1.2009 do 31.12. 2009. Veľká novela správy daní a poplatkov v zákone č. 563/2009 Z.z. bude platiť od 1. januára 2012.

Guardado en:
Detalles Bibliográficos
Autor principal: Burák, Emil
Formato: Capítulo de libro
Lenguaje:eslovaco
Materias:
Etiquetas: Agregar Etiqueta
Sin Etiquetas, Sea el primero en etiquetar este registro!

MARC

LEADER 00000naa$a2200000$$$4500
001 0111497
005 20231006123741.6
041 0 |a slo 
044 |a SK 
245 1 0 |a Daňový poriadok - čo z neho je potrebné vedieť pre rok 2010  |c Emil Burák 
520 |a Zákon č. 563/2009 Z. z. (tzv. daňový poriadok) o správe daní a o zmene a doplnení niektorých zákonov z 1.decembra 2009. Pre rok 2010 sú účinné tri NOVELY spolu za obdobie od 1.1.2009 do 31.12. 2009. Veľká novela správy daní a poplatkov v zákone č. 563/2009 Z.z. bude platiť od 1. januára 2012. 
610 2 0 |a dane 
610 2 0 |a poplatky 
610 2 0 |a subjekt 
610 2 0 |a daňovníci 
610 2 0 |a správa daňová 
610 2 0 |a zákony 
100 1 |a Burák, Emil